Programming languages: design and implementation /
Guardado en:
| Autor Principal: | |
|---|---|
| Formato: | Libro |
| Idioma: | English |
| Publicado: |
Englewood Cliffs, N.J. :
Prentice-Hall,
[1975]
|
| Materias: | |
| Etiquetas: |
Agregar Etiqueta
Sin Etiquetas, Sea el primero en etiquetar este registro!
|
| LEADER | 00676pam a2200205 a 4500 | ||
|---|---|---|---|
| 001 | MAT.inmabb005944 | ||
| 008 | 740805s1975####njua#####b####001#0#eng## | ||
| 005 | 20130404103634.0 | ||
| 245 | 1 | 0 | |a Programming languages: design and implementation / |c [by] Terrence W. Pratt. |
| 260 | |a Englewood Cliffs, N.J. : |b Prentice-Hall, |c [1975] | ||
| 300 | |a xiv, 530 p. : |b il. ; |c 24 cm. | ||
| 504 | |a Bibliografía: p. 511-519. | ||
| 510 | 4 | |a MR, |c 55 #13862 | |
| 020 | |a 0137304323 | ||
| 100 | 1 | |a Pratt, Terrence W. | |
| 650 | 0 | |a Programming languages (Electronic computers) | |
| 084 | |a 68N15 |2 msc2000 | ||
| 010 | |a 74016114 | ||
| 040 | |a DLC |c DLC |d DLC | ||
| 859 | |h 68 |i P913 |p A-4739 |b BIB. MATEMATICA | ||
